| 000 | 00725nam a2200205Ii 4500 | ||
|---|---|---|---|
| 003 | JO-AjNU | ||
| 008 | 230605s9999||||xx |||||||||||||| ||und|| | ||
| 040 |
_aJO-AjNU _bara _erda _cJO-AjNU |
||
| 041 | _aara | ||
| 050 | 1 | 4 | _aDS247.Y45.B37 1990 |
| 100 | 3 |
_aالباري، محمد بن لطف؛ حقيق الحبشي، عبدالله محمد, _eauthor _918504 |
|
| 245 | 0 | 0 | _aالروض البسام في ما شاع في قطر اليمن من الوقائع والاعلام |
| 250 | _aط1 | ||
| 264 | 3 | 1 | _aصنعاء: د.ن، 1990 |
| 300 | _a167ص | ||
| 336 |
_atext _btxt _2rdacontent |
||
| 337 |
_aunmediated _bn _2rdamedia |
||
| 338 |
_avolume _bnc _2rdacarrier |
||
| 650 | 4 |
_aتراجم -اليمن-تاريخ _918505 |
|
| 999 |
_aA5930 _c9498 _d9498 |
||